The portfolio organizer : (Record no. 28371)

000 -LEADER
fixed length control field 01408cam a22002894a 4500
001 - CONTROL NUMBER
control field 11951357
005 - DATE AND TIME OF LATEST TRANSACTION
control field 20170302112001.0
008 - FIXED-LENGTH DATA ELEMENTS--GENERAL INFORMATION
fixed length control field 000323s2000 vaua b 001 0 eng
010 ## - LIBRARY OF CONGRESS CONTROL NUMBER
LC control number 00008817
020 ## - INTERNATIONAL STANDARD BOOK NUMBER
International Standard Book Number 087120374X
020 ## - INTERNATIONAL STANDARD BOOK NUMBER
International Standard Book Number 0871203650 (pbk.)
040 ## - CATALOGING SOURCE
Original cataloging agency DLC
Transcribing agency DLC
Modifying agency DLC
042 ## - AUTHENTICATION CODE
Authentication code pcc
050 00 - LIBRARY OF CONGRESS CALL NUMBER
Classification number LB1029.P67
Item number R65 2000
082 00 - DEWEY DECIMAL CLASSIFICATION NUMBER
Classification number 371.2
Edition number 21
100 1# - MAIN ENTRY--PERSONAL NAME
Personal name Rolheiser-Bennett, Noreen Carol.
245 14 - TITLE STATEMENT
Title The portfolio organizer :
Remainder of title succeeding with portfolios in your classroom /
Statement of responsibility, etc. Carol Rolheiser, Barbara Bower, and Laurie Stevahn.
260 ## - PUBLICATION, DISTRIBUTION, ETC. (IMPRINT)
Place of publication, distribution, etc. Alexandria, Va. :
Name of publisher, distributor, etc. Association for Supervision and Curriculum Development,
Date of publication, distribution, etc. c2000.
300 ## - PHYSICAL DESCRIPTION
Extent ix, 166 p. :
Other physical details ill. ;
Dimensions 28 cm.
504 ## - BIBLIOGRAPHY, ETC. NOTE
Bibliography, etc Includes bibliographical references (p. 160-162) and index.
505 0# - FORMATTED CONTENTS NOTE
Formatted contents note Determining the basics of student portfolios -- Selecting categories for entries -- Identifying learning expectations and criteria -- Learning samples -- Reflections -- Storing and organizing portfolios -- Sharing the learning -- Setting goals -- Evaluation and grading -- Getting started with students.
650 #0 - SUBJECT ADDED ENTRY--TOPICAL TERM
Topical term or geographic name as entry element Portfolios in education.
700 1# - ADDED ENTRY--PERSONAL NAME
Personal name Bower, Barbara,
Dates associated with a name 1957-
700 1# - ADDED ENTRY--PERSONAL NAME
Personal name Stevahn, Laurie,
Dates associated with a name 1956-
906 ## - LOCAL DATA ELEMENT F, LDF (RLIN)
a 7
b cbc
c orignew
d 1
e ecip
f 20
g y-gencatlg
942 ## - ADDED ENTRY ELEMENTS (KOHA)
Source of classification or shelving scheme
Koha item type Hard Covered Materials
Classification part LB1029 .P67R65 2000
Holdings
Withdrawn status Lost status Source of classification or shelving scheme Damaged status Not for loan Home library Current library Shelving location Date acquired Source of acquisition Total Checkouts Full call number Barcode Date last seen Price effective from Koha item type
          MACHAKOS UNIVERSITY LIBRARY MACHAKOS UNIVERSITY LIBRARY Technical section 02/03/2017 Donation (B.F.A)   LB1029 .P67R65 2000 36324 06/07/2018 02/03/2017 Hard Covered Materials
© Machakos University Library, Along The Highway, Machakos Wote Rd, Machakos, Kenya P.O. Box 136 - 90100 Machakos - Kenya

Tel: ( +254 ) 723 805829 OR Fax : 044-20353 OR Email: library@mksu.ac.ke